000 00532nam a2200169 i 4500
001 30759
003 ES-MaACL
007 t|
008 030127s1953 sp ||||1| spa d
100 1 _aBellamann, Katherine.
_927191
245 1 4 _aLos Hayven de Demaret
_b: novela /
_cKatherine Bellmann ; [traducción por Juan G. de Luaces].
250 _a[1ª ed.].
260 _aBarcelona :
_bPlaneta,
_c[1953] (
_fAleu y Domingo)
300 _a282 p. ;
_c20 cm.
700 1 _aLuaces, Juan G. de.
_974483
852 _aES-MaACL
_jC-6896
_bR.35248
999 _c30759
_d30759